Ligue 1 2011-2012: Les Leaders par journée - Statistiques

Statistiques générales
  • Ce quiz a été pris 95 fois
  • Le résultat moyen est 4 sur 5
Statistiques - réponses
Réponse % Correct
Paris SG
100%
Olympique Lyonnais
98%
Montpellier HSC
97%
Stade Rennais FC
74%
Toulouse FC
57%
Aucun quiz correspondant
Distribution des résultats
% des personnes avec chaque résultat
Percentile par nombre de réponses
Votre historique - résultats
Vous n’avez pas pris ce quiz